header

Acute stroke nursing (Record no. 105845)

MARC details
000 -LEADER
fixed length control field 01248nam a2200313Ia 4500
245 00 - TITLE STATEMENT
Title Acute stroke nursing
260 ## - PUBLICATION, DISTRIBUTION, ETC. (IMPRINT)
Place of publication Chichester, West Sussex ;
-- Ames, IA :
Name of publisher Wiley-Blackwell,
Year of publication 2010.
300 ## - PHYSICAL DESCRIPTION
Number of Pages xv, 352 p.
650 #0 - SUBJECT ADDED ENTRY--TOPICAL TERM
Topical Term Cerebrovascular disease
Topical Term Evidence-based nursing.
700 1# - ADDED ENTRY--PERSONAL NAME
Personal name Williams, Jane
Personal name Perry, Lin.
Personal name Watkins, Caroline.
856 40 - ELECTRONIC LOCATION AND ACCESS
Uniform Resource Identifier http://site.ebrary.com/lib/rucke/Doc?id=10361288

No items available.

© 2026 Rongo University
Contact us: librarian | system librarian | Rongo university